000 02148nam0a2200373 i 4500
001 RU\NLR\BIBL_A\010524772
005 20260510063303.0
010 _a9785790415456
_9300
021 _aRU
_b2014-63565
_93870
021 _aRU
_b2014-63565
_94714
035 _a(NILC)RuMoRGB-007542712
035 _a(NLR Aleph) 010524772
090 _a10230489
_c10230489
100 _a20141107d2013 k y0rusy50 ca
101 0 _arus
102 _aRU
105 _aa|||z|||101yy
200 1 _aЭкономическое развитие региона: роль образования и науки
_eколлективная монография
_e[материалы II Регионального экономического форума "Экономическое образование и наука - Алтайскому краю", 1-15 марта 2013 г., г. Барнаул
_fпод ред. С.Н. Бочарова]
210 _aБарнаул
_cИзд-во Алтайского государственного университета
_d2013
215 _a321 с.
_cил.
_d21
300 _aВ надзаг.: М-во образования и науки РФ, Алт. гос. ун-т
320 _aБиблиогр. в конце ст.
606 1 _aРегиональная экономика
_yАлтайский край
_92266159
_3RU\NLR\AUTH\661358470
606 1 _aПредпринимательство
_yАлтайский край
_92494266
_3RU\NLR\AUTH\661479752
686 1 _aУ04(2Р-4АЛ)9
686 1 _aУ9(2)-13(2Р-4АЛ)
702 1 _aБочаров
_bС. Н.
_gСергей Николаевич
_4340
711 1 2 _a"Экономическое образование и наука - Алтайскому краю", региональный экономический форум
_eБарнаул
_f2013
_9464418
_3RU\NLR\AUTH\880398785
712 0 2 _4570
_aАлтайский государственный университет
_cБарнаул
_9338928
_3RU\NLR\AUTH\889921403
801 0 _aRU
_bРГБ
_c20140827
_gRCR
942 _cBOOK
980 _aNBR